Best Bundesliga Players on FIFA Soccer 13 - Statistics

General Stats
  • This quiz has been taken 3,804 times
  • The average score is 7 of 13
Answer Stats
Hint Answer % Correct
GK Manuel Neuer (87)
97%
RB Philipp Lahm (87)
91%
RM Arjen Robben (88)
83%
LM Franck Ribéry (90)
83%
CB Mats Hummels (85)
81%
CF Marco Reus (84)
71%
CM Bastian Schweinsteiger (86)
64%
ST Mario Gomez (87)
64%
LB Marcel Schmelzer (78)
36%
CDM Javi Martinez (83)
34%
CAM Rafael Van der Vaart (85)
7%
LW Ibrahim Afellay (81)
5%
RW (Silver) Sercan Sararer (72)
3%
No matching quizzes found
Score Distribution
Percent of People with Each Score
Percentile by Number Answered
Your Score History
You have not taken this quiz